Lucas Samaras--objects and subjects, 1969-1986 /

Bibliographic Details
Main Author: Samaras, Lucas, 1936-
Corporate Author: Denver Art Museum
Other Authors: Vanderlip, Dianne Perry, Jordy, Deborah
Format: Book
Language:English
Published: New York : Abbeville Press, [1988]
Edition:1st ed.
Subjects:

MARC

Tag First Indicator Second Indicator Subfields
LEADER 00000cam a22000008a 4500
001 in00000023852
005 20151007055539.0
008 871201s1988 nyua bc 00110 eng
010 |a  87033460  
020 |a 0896598039 
020 |a 0896598047 (pbk.) 
035 |a (OCoLC)17264326 
035 |9 AAB8551AM 
040 |a DLC  |c DLC  |d TXA  |d UtOrBLW 
049 |a TXAM  |c [A11074742] 
050 0 0 |a N6537.S3  |b A4 1988 
082 0 |a 709/.2/4  |2 19 
100 1 |a Samaras, Lucas,  |d 1936- 
245 1 0 |a Lucas Samaras--objects and subjects, 1969-1986 /  |c essays by Thomas McEvilley, Donald Kuspit, Roberta Smith ; exhibition curated by Dianne Perry Vanderlip, Deborah Jordy. 
250 |a 1st ed. 
263 |a 8805 
264 1 |a New York :  |b Abbeville Press,  |c [1988] 
264 4 |c ©1988 
300 |a 231 pages :  |b color illustrations 
336 |a text  |b txt  |2 rdacontent 
337 |a unmediated  |b n  |2 rdamedia 
338 |a volume  |b nc  |2 rdacarrier 
500 |a Exhibition held May 7, 1988-Nov. 12, 1989 at the Denver Art Museum and other museums. 
504 |a Bibliography: pages 217-220. 
500 |a Includes index. 
600 1 0 |a Samaras, Lucas,  |d 1936-  |x Exhibitions. 
700 1 |a Vanderlip, Dianne Perry. 
700 1 |a Jordy, Deborah. 
710 2 |a Denver Art Museum. 
999 |a MARS 
999 f f |s 8fc8f9ec-8a37-3c23-a395-1a1607ebc275  |i 17337724-9931-3fb7-88da-a6dbade357fb  |t 0 
952 f f |p normal  |a Texas A&M University  |b College Station  |c Sterling C. Evans Library  |d Evans: Library Stacks  |t 0  |e N6537.S3 A4 1988  |h Library of Congress classification  |i unmediated -- volume  |m A14811074742 
998 f f |a N6537.S3 A4 1988  |t 0  |l Evans: Library Stacks